|
|
|
|
| LEADER |
00000cam a2200000 i 4500 |
| 001 |
1/2771 |
| 008 |
100107s1997 fre d |
| 020 |
|
|
|a 2-213-59799-5
|
| 035 |
|
|
|l 10106139
|
| 040 |
|
|
|a GR-MY-UA
|b gre
|e aacr
|
| 041 |
0 |
|
|a fre
|
| 082 |
0 |
|
|a 909
|2 (22)
|
| 245 |
1 |
0 |
|a L'histoire grande ouverte :
|b hommages a Emmanuel Le Roy Ladurie /
|c reunis sous la direction d'Andre Burguiere, Joseph Goy et Marie-Jeanne Tits-Dieuaide
|
| 260 |
|
|
|a [Paris] :
|b Fayard,
|c c1997
|
| 300 |
|
|
|a 575 σ.;
|b εικ.;
|c 24 εκ.
|
| 504 |
|
|
|a Περιέχει βιβλιογραφικές παραπομπές
|
| 650 |
0 |
0 |
|a World history.
|
| 700 |
1 |
|
|a Burguiere, Andre,
|e edt
|
| 700 |
1 |
|
|a Goy, Joseph,
|e edt
|
| 700 |
1 |
|
|a Tits-Dieuaide, Marie-Jeanne,
|e edtf
|
| 852 |
|
|
|a INST
|b LESVOS
|e 20100107
|h 909 HIS
|p 005100045928
|q 005100045928
|t BK
|y 0
|
| 901 |
|
|
|a BIBL1-2010-1
|
| 909 |
|
|
|a Λ
|b 160070
|
| 970 |
|
|
|a ΚΑΡΑ
|b ΓΙΑΣΕΜΗ
|z 2010/01/07
|